skbl

Dr Suryya Kumar Bhuyan Library Web-OPAC
ডঃ সূৰ্য্য
কুমাৰ ভূঞা পুথিভঁৰাল ৱেব-অ'পেক

All Research Scholars are advised to clear the annual library fees to continue using Library Resources, Remote Access, Plagiarism Test and Library Clearance.

Cotton University Book Fair 2026

Hand Book of Library Services / (Record no. 47673)

MARC details
000 -LEADER
fixed length control field 00664nam a2200253Ia 4500
001 - CONTROL NUMBER
control field 47708
005 - DATE AND TIME OF LATEST TRANSACTION
control field 20240114003841.0
007 - PHYSICAL DESCRIPTION FIXED FIELD--GENERAL INFORMATION
fixed length control field ta
008 - FIXED-LENGTH DATA ELEMENTS--GENERAL INFORMATION
fixed length control field 090505s2001 g b000 u 465 u
020 ## - INTERNATIONAL STANDARD BOOK NUMBER
International Standard Book Number 81-7132-293-X
Terms of availability 695.00
040 ## - CATALOGING SOURCE
Original cataloging agency Cotton College,Assam
041 ## - LANGUAGE CODE
Language code of text/sound track or separate title 465
082 ## - DEWEY DECIMAL CLASSIFICATION NUMBER
Classification number 020
Item number NAT
100 ## - MAIN ENTRY--PERSONAL NAME
Personal name Nath, Mahendra .
245 #0 - TITLE STATEMENT
Title Hand Book of Library Services /
Statement of responsibility, etc. Mahendra Nath.
Medium Textual Documents
250 ## - EDITION STATEMENT
Edition statement 1st ed /
260 ## - PUBLICATION, DISTRIBUTION, ETC.
Place of publication, distribution, etc. Jaipur :
Name of publisher, distributor, etc. Pointer Publishers ,
Date of publication, distribution, etc. 2001.
300 ## - PHYSICAL DESCRIPTION
Extent 327p ;
Dimensions 23 cm.
365 ## - TRADE PRICE
Price type code 695.00
653 ## - INDEX TERM--UNCONTROLLED
Uncontrolled term Library Science
942 ## - ADDED ENTRY ELEMENTS (KOHA)
Source of classification or shelving scheme Dewey Decimal Classification
Koha item type Books
Holdings
Withdrawn status Lost status Damaged status Not for loan Collection Home library Current library Date acquired Coded location qualifier Cost, normal purchase price Total checkouts Full call number Barcode Date last seen Copy number Price effective from Koha item type
          Dr. Suryya Kumar Bhuyan Library Dr. Suryya Kumar Bhuyan Library 01/02/2012 00000 695.00   020 NAT 199/Lib 14/01/2024 1 01/02/2012 Books

Designed and Maintained by Team SKBL
©1901-2026

Powered by Koha